E-less states - Statistics

General Stats
  • This quiz has been taken 52 times
  • The average score is 29 of 30
Answer Stats
Answer % Correct
Alabama
100%
Alaska
100%
Arizona
100%
California
100%
Hawaii
100%
North Dakota
100%
South Dakota
100%
Wisconsin
100%
Florida
98%
Indiana
98%
Louisiana
98%
Michigan
98%
Mississippi
98%
Montana
98%
North Carolina
98%
South Carolina
98%
Illinois
95%
Ohio
95%
Utah
95%
Virginia
95%
Wyoming
95%
Arkansas
93%
Colorado
93%
Idaho
93%
Oklahoma
93%
Washington
93%
Iowa
90%
Kansas
90%
Maryland
90%
Missouri
90%
No matching quizzes found
Score Distribution
Percent of People with Each Score
Percentile by Number Answered
Your Score History
You have not taken this quiz